Teaching by principles : (Record no. 6891)
[ view plain ]
| 000 -LEADER | |
|---|---|
| fixed length control field | 00840nam a22002297a 4500 |
| 003 - CONTROL NUMBER IDENTIFIER | |
| control field | BUBTL |
| 008 - FIXED-LENGTH DATA ELEMENTS--GENERAL INFORMATION | |
| fixed length control field | 230101b ||||| |||| 00| 0 eng d |
| 020 ## - INTERNATIONAL STANDARD BOOK NUMBER | |
| International Standard Book Number | 9780133925852 |
| 082 ## - DEWEY DECIMAL CLASSIFICATION NUMBER | |
| Classification number | 418.0071/ B8121t/ 2015 |
| 100 ## - MAIN ENTRY--PERSONAL NAME | |
| 9 (RLIN) | 4750 |
| Personal name | Brown, H. Douglas |
| 245 ## - TITLE STATEMENT | |
| Title | Teaching by principles : |
| Remainder of title | an interactive approach to language pedagogy/ |
| Statement of responsibility, etc. | H. Douglas Brown, Heekyeong Lee |
| 250 ## - EDITION STATEMENT | |
| Edition statement | 4th Edn. |
| 260 ## - PUBLICATION, DISTRIBUTION, ETC. (IMPRINT) | |
| Place of publication, distribution, etc. | New York: |
| Name of publisher, distributor, etc. | Pearson Education: |
| Date of publication, distribution, etc. | c2015 |
| 300 ## - PHYSICAL DESCRIPTION | |
| Extent | xvi, 668 p.: |
| Dimensions | 25 cm. |
| 500 ## - GENERAL NOTE | |
| General note | Includes bibliographical references and indexes |
| 505 ## - FORMATTED CONTENTS NOTE | |
| Formatted contents note | Teaching by principles, language pedagogy, Teaching, English, English Language, H. Douglas Brown, Heekyeong Lee |
| 650 #0 - SUBJECT ADDED ENTRY--TOPICAL TERM | |
| 9 (RLIN) | 194 |
| Topical term or geographic name as entry element | English Language |
| 700 ## - ADDED ENTRY--PERSONAL NAME | |
| 9 (RLIN) | 5122 |
| Personal name | Lee, Heekyeong |
| 856 ## - ELECTRONIC LOCATION AND ACCESS | |
| Password | 0 |
| Logon | 0 |
| Link text | Download |
| 942 ## - ADDED ENTRY ELEMENTS (KOHA) | |
| Source of classification or shelving scheme | |
| Koha item type | Books |
| Withdrawn status | Lost status | Source of classification or shelving scheme | Damaged status | Not for loan | Collection code | Permanent location | Current location | Shelving location | Date acquired | Source of acquisition | Inventory number | Total Checkouts | Full call number | Barcode | Date last seen | Copy number | Price effective from | Koha item type |
|---|---|---|---|---|---|---|---|---|---|---|---|---|---|---|---|---|---|---|
| Not For Loan | Non-fiction | Bangladesh University of Business and Technology Library | Bangladesh University of Business and Technology Library | English Literature Stacks | 11/03/2022 | Purchase | 28866 | 418.0071/ B8121t/ 2015 | BUBTL-200328866 | 01/01/2023 | C-1 | 01/01/2023 | Books |
